00000000nam##2200000za#4500
0019.660027
003CaOODSP
00520200330101913
007ta
008150407|1998||||xxc|||||     f|0| 0 eng|d
020 |a0-662-63466-7
040 |aCaOODSP|beng
041 |aeng
041 |afre
043 |an-cn---
0861 |aSW21-26/1998
1101 |aCanada. |bStatus of Women Canada.
24510|aGendering immigration/integration : |bpolicy research workshop proceedings and a selective review of policy research literature 1987-1996
260 |aOttawa - Ontario : |bStatus of Women Canada |c1998.
300 |a71p. : |c28 cm.
500 |anull
504 |aBibliography.
546 |aBilingual
563 |aSoftcover
590 |a98-14|b1998-04-03
69007|aImmigration policy|2gcpds
69007|aAcculturation|2gcpds
69007|aConferences|2gcpds
7760#|tImmigration et intégration tenant compte des rapports sociaux entre les sexes : |w(CaOODSP)9.632897
7760#|tGendering immigration/integration : |w(CaOODSP)9.688472
792 |tImmigration et intégration tenant compte des rapports sociaux entre les sexes : |efre|w(CaOODSP)9.660028